000 01076nam0a2200325 4500
001 RU\NLR\BIBL_A\011356295
005 20241114224334.0
010 _a9785446910410
_970
021 _aRU
_b2017-13866
_91020
035 _a(RuMoRGB)008811004
035 _a(NLR Aleph) 011356295
090 _a11274215
_c11274215
100 _a20170330d2017 u y0rusy50 ca
101 0 _arus
102 _aRU
105 _a||||z 000zy
200 1 _aАнтизомби
_fЛ. М. Имянитов
205 _a2-е изд., дораб. и доп.
210 _aСанкт-Петербург
_cНестор-История
_d2017
215 _a173, [2] с.
_d21
333 _a12+
606 _aЛичность и государство
_xСоциально-философские вопросы
_92588721
_3RU\NLR\AUTH\661529960
686 _aС556.65,0
_2rubbk
686 1 _aС550.511
686 1 _aС550.65
700 1 _aИмянитов
_bЛ. М.
_gЛеонид Михайлович
942 _cBOOK
980 _aNBR